000 00204nam a22000857a 4500
008 170626b xxu||||| |||| 00| 0 eng d
100 _93698
_aMathur. S. M
245 _aAcadamic Jokes
260 _aNew Delhi
_c2009
999 _c7120
_d7120